000 00319nam a2200121Ia 4500
008 190722s9999 xx 000 0 und d
020 _a978-969-407-425-2
100 _aDr. Asrar H. Siddiqi
245 0 _aPractice & Law Of Banking In Pakistan
260 _aKarachi
_bRoyal Book Company
_c2015
300 _a570
942 _cBK
999 _c412
_d412